[Event "Munich SKA"]
[Site "Munich"]
[Date "1991.05.04"]
[Round "1"]
[White "Nunn, John DM"]
[Black "Anand, Viswanathan"]
[Result "1-0"]
[WhiteElo "2600"]
[BlackElo "2635"]
[Annotator "Ftacnik,L"]
[PlyCount "79"]
[EventDate "1991.05.04"]
[EventType "tourn"]
[EventRounds "13"]
[EventCountry "GER"]
[EventCategory "14"]
[SourceTitle "CBM 023"]
[Source "ChessBase"]
[SourceDate "1991.08.01"]
[SourceVersion "1"]
[SourceVersionDate "1991.08.01"]
[SourceQuality "1"]

1. e4 e6 2. d4 d5 3. e5 c5 4. c3 Nc6 5. Nf3 Bd7 6. Be2 Nge7 7. O-O cxd4 8. cxd4
Nf5 9. Nc3 Be7 (9... h5 $5) (9... Rc8 10. Be3 Be7 11. Bd3 g6 12. Rc1 O-O 13.
Bxf5 gxf5 14. Bh6 Re8 15. h4 Bxh4 16. Qd2 Be7 17. Qf4 $16 {Blatny,P-Ghinda,M/
Stara Zagora zt/1990/}) 10. g4 Nh4 11. Nxh4 Bxh4 12. Be3 O-O 13. f4 f6 14. exf6
(14. Qd2 fxe5 15. fxe5 Rxf1+ 16. Rxf1 h6 $10) 14... Bxf6 15. Rc1 g6 16. Qd2 Bg7
17. Bf3 Qa5 18. Bg2 Kh8 19. Kh1 Rac8 20. h3 Qb4 21. Rfd1 b6 22. Bf1 Na5 23. b3
Bc6 24. Ne4 Qe7 (24... Qxd2 25. Rxd2 $14) 25. Ng5 $6 (25. Nf2 $5 e5 26. fxe5
Bxe5 27. Rxc6 Nxc6 28. dxe5 Qxe5 $13) 25... e5 $1 26. Rxc6 (26. fxe5 $2 h6 $19)
(26. Nf3 exf4 27. Bxf4 Qe4 $19) 26... Nxc6 27. dxe5 Nxe5 (27... h6 28. Nf3 g5
$1 $17) 28. fxe5 h6 29. Ba6 Rcd8 $6 (29... Rce8 $5) 30. Bf4 Rde8 (30... hxg5
31. Bxg5 Qxe5 32. Bxd8 Rxd8 $10) 31. Bb5 hxg5 32. Bxe8 gxf4 33. Bxg6 Qh4 34.
Bf5 $5 (34. Qh2 Bxe5 35. Rxd5 Qe1+ 36. Qg1 Qe2 $40) 34... f3 (34... Qxh3+ 35.
Qh2 Qxh2+ 36. Kxh2 Bxe5 37. Rxd5 $14) 35. Qh2 Re8 36. e6 Kg8 37. g5 $1 Bf8 (
37... Qxg5 38. Rxd5 Qc1+ 39. Qg1 Qc6 40. Qg6 f2 $2 41. Qf7+ Kh8 42. Qh5+ Kg8
43. Bh7+ Kh8 44. Be4+ $18) 38. Qe5 Qf2 39. Rg1 Re7 40. Bg6 {Ftacnik,L} 1-0

[Event "Munich SKA"]
[Site "Munich"]
[Date "1991.05.09"]
[Round "5"]
[White "Polgar, Judit"]
[Black "Anand, Viswanathan"]
[Result "1-0"]
[WhiteElo "2540"]
[BlackElo "2635"]
[Annotator "Polgar,J"]
[PlyCount "129"]
[EventDate "1991.05.04"]
[EventType "tourn"]
[EventRounds "13"]
[EventCountry "GER"]
[EventCategory "14"]
[SourceTitle "CBM 023"]
[Source "ChessBase"]
[SourceDate "1991.08.01"]
[SourceVersion "1"]
[SourceVersionDate "1991.08.01"]
[SourceQuality "1"]

1. e4 {Ftacnik} e5 2. Nf3 Nc6 3. Bb5 a6 4. Ba4 Nf6 5. O-O Nxe4 6. d4 b5 7. Bb3
d5 8. dxe5 Be6 9. c3 Be7 10. Nbd2 (10. Bc2 {Polgar,Judit-Hubner,Munchen 1991.})
10... Qd7 (10... Nc5 {-50/369,370.}) (10... O-O {Ftacnik}) 11. Bc2 Nxd2 (11...
Bf5) 12. Qxd2 Bg4 $6 (12... O-O 13. Qd3) 13. Qf4 Bxf3 (13... O-O 14. Ng5 h6 $2
15. Nh7 Rfe8 16. h3 $1 Bh5 (16... Be6 17. Nf6+ gxf6 18. exf6 Bf8 19. Qg3+ Kh8
20. Qd3 $18) (16... Be2 17. Nf6+ $1 (17. Re1 Bh5 18. Nf6+ $2 Bxf6 $19) 17...
gxf6 (17... Bxf6 18. exf6 Bxf1 19. Qg3 g6 20. Bxh6 $1 {Plan Bg7,Qh4.}) 18. Bf5
Qd8 19. Qxh6 $18) 17. Nf6+ gxf6 18. Bf5 Qd8 19. Qxh6 Bg6 20. Bxg6 fxg6 21.
Qxg6+ Kh8 22. Qh5+ Kg8 23. Bh6 Nxe5 (23... Bf8 24. Qg6+ Kh8 25. exf6 Ne5 26.
Bg7+ Kg8 27. f7+ $1 Nxf7 28. Bf6+ $18) 24. f4 $16) 14. Bf5 Qd8 15. Qxf3 (15.
gxf3 $5) 15... Nxe5 16. Qe2 (16. Qg3 Ng6 $13) 16... Qd6 (16... Ng6 17. Re1 $44)
(16... Nc6 17. Rd1 O-O 18. Be4 $16) 17. Re1 (17. Bf4 $5 f6 18. Qh5+ Kf8 19.
Rfe1 $44) 17... Nc6 (17... Ng6 18. Bg5 $44) 18. Bg5 Kf8 $8 (18... f6 19. Qh5+ (
19. Bh4 {Ftacnik xe6}) 19... Kf8 20. Re6 $18) (18... g6 19. Rad1 $1 gxf5 20.
Bxe7 Nxe7 21. Rxd5 $1 Qf6 22. Rxf5 $1 Qd6 23. Re5 $18) 19. Be3 g6 (19... Bf6 {
Ftacnik} 20. Rad1 Rd8 $13) 20. Bh6+ Kg8 21. Qg4 (21. Bd3 Bf8 $13) 21... Qf6 (
21... Bf8 22. Re6 $2 (22. Bf4 Qf6 23. Bc2 Bc5 24. Rad1 $44) 22... Ne5 $1) 22.
Bc2 (22. Re6 $2 Qxf5 $2 (22... Ne5 $1) 23. Qxf5 gxf5 24. Rxc6 Bd6 25. Re1 f6
26. Rxd6 $1 cxd6 27. Re7 Rd8 28. f4 $1 $18) 22... Bf8 (22... Qh4 23. Qd7 $16) (
22... b4 23. Re3 $40) 23. Bg5 Qd6 24. Bf4 Qd8 25. Rad1 $16 Na5 26. h4 $1 c6 (
26... Nc4 27. h5 Nxb2 28. hxg6 hxg6 29. Bxg6 $1 fxg6 (29... Nxd1 30. Bxf7+ Kxf7
31. Qe6+ Kg7 32. Be5+ Kh7 33. Qf7+ Kh6 34. Bf4+ $18) 30. Qe6+ Kg7 31. Be5+ Kh6
(31... Kh7 32. Qf7+ Kh6 33. Re3 $18) 32. Qh3+ Kg5 33. f4#) 27. h5 Nc4 28. hxg6
hxg6 29. b3 $1 (29. Bxg6 $2 fxg6 30. Qxg6+ Bg7 31. Qe6+ Kf8 32. b3 Qf6) 29...
Nd6 (29... Nb2 30. Bxg6 fxg6 31. Qxg6+ Bg7 32. Qe6+ Kf8 33. Bd6+ $18) 30. Bxg6
$1 fxg6 31. Re6 $1 (31. Qxg6+ Bg7 32. Bxd6 (32. Qxd6 {Ftacnik} Qxd6 33. Bxd6
Bxc3) 32... Rh6 $19) 31... Rh7 (31... Ra7 32. Rxg6+ $6 (32. Bxd6 Bxd6 33. Qxg6+
Rg7 34. Re8+ $18) 32... Rg7 33. Bxd6 Qxd6 $1 $19) (31... Ne8 32. Rxg6+ Ng7 $2 (
32... Bg7 33. Qe6+ Kf8 34. Rd3 $18) 33. Qe6+ Kh7 34. Rh6#) (31... Ne4 {Ftacnik}
32. Rxg6+ Kf7 33. Qe6#) 32. Bxd6 (32. Rxg6+ $2 Rg7 33. Bxd6 Qxd6 $19) 32... Bg7
(32... Bxd6 33. Rxg6+ Kh8 34. Qd4+ $18) 33. Rde1 $6 (33. Rxg6 $18) 33... Rh6
34. g3 (34. Rxg6 $6 Rxg6 35. Qxg6 Qf6 $14) 34... Qd7 35. Bf4 g5 36. Bxg5 Rg6 (
36... Rxe6 37. Rxe6 Re8 38. Rxe8+ Qxe8 39. Bf6 $18) 37. Qf5 $6 (37. f4 $18)
37... Rxe6 38. Qxe6+ $2 (38. Rxe6 $1 Re8 39. Rxe8+ Qxe8 40. Bf6 $18) 38... Qxe6
39. Rxe6 Rc8 (39... Bxc3 {Ftacnik} 40. Rxc6 d4 41. Bf6 $18) 40. Bd2 Kf7 41. Re1
c5 42. Kf1 c4 (42... d4 43. cxd4 cxd4 (43... Bxd4 $1 44. Be3 $16) 44. Rc1 $18)
43. bxc4 Rxc4 $2 (43... bxc4 $1 44. Rb1 d4 $16) 44. Rc1 Ke6 (44... Ra4 45. Rc2
Rc4 46. Ke2 d4 47. Kd3 $18) 45. Ke2 d4 (45... Ra4 {Ftacnik} 46. Rc2 Ra3 47. g4
$18) 46. cxd4 Bxd4 47. Be3 Bb2 48. Rxc4 bxc4 49. Kd2 Bg7 50. Kc2 Kd5 51. f3 Bf6
52. Bh6 Be5 53. g4 Bd4 54. Bd2 (54. Bc1 $1 Bb6 (54... Ke6 55. f4 Kd5 56. g5 Ke4
57. Bb2 Bc5 58. g6 Bf8 59. g7 Bxg7 60. Bxg7 Kxf4 61. Kc3 Kf5 62. Kxc4 Ke6 63.
Kc5 Kd7 64. Kb6 Kc8 65. Be5 a5 66. a4 $18) 55. g5 Ke6 56. Kc3 $18) 54... Bb6
55. Bc1 Ba5 56. a4 Ke5 57. Bg5 Kd5 58. Bd2 Bc7 59. Bc3 Bf4 (59... Ke6 60. Bh8
Bf4 61. Kc3 Kd5 62. Bf6 Bc7 63. g5 Ba5+ 64. Kc2 Ke6 65. Bc3 Bd8 66. g6 $18) 60.
Bf6 Bg3 61. g5 Bh4 62. Bd8 Bf2 (62... Kc6 {Ftacnik} 63. g6 $1) 63. g6 Bd4 64.
Ba5 Ke6 65. Bc3 {Judit Polgar} 1-0

[Event "Munich SKA"]
[Site "Munich"]
[Date "1991.05.15"]
[Round "10"]
[White "Gelfand, Boris"]
[Black "Anand, Viswanathan"]
[Result "1-0"]
[WhiteElo "2700"]
[BlackElo "2635"]
[Annotator "Gelfand,B"]
[PlyCount "117"]
[EventDate "1991.05.04"]
[EventType "tourn"]
[EventRounds "13"]
[EventCountry "GER"]
[EventCategory "14"]
[SourceTitle "CBM 023"]
[Source "ChessBase"]
[SourceDate "1991.08.01"]
[SourceVersion "1"]
[SourceVersionDate "1991.08.01"]
[SourceQuality "1"]

1. d4 Nf6 2. c4 e6 3. Nc3 Bb4 4. Qc2 O-O 5. a3 Bxc3+ 6. Qxc3 b6 7. Bg5 Bb7 8.
e3 h6 9. Bh4 d6 10. f3 Nbd7 11. O-O-O $5 {N} d5 (11... c5 $6 12. dxc5 $1 $16)
12. c5 (12. Nh3 c5 13. dxc5 Rc8 $5 14. b4 bxc5 15. b5 $13) 12... Bc6 (12...
bxc5 13. dxc5 c6 (13... Bc6 $5 {/\e5,a5} 14. Ba6 e5 15. Ne2 $14) 14. Bg3 (14.
Kb1 {/\ 14...Fe7 15.Lc1} a5 (14... e5 15. Bd3 Qe7 16. Rc1 e4 $13) 15. Bd3 Ba6)
14... Re8 15. Bd6 e5 $13) 13. cxb6 cxb6 14. Kb1 (14. Ba6 Bb5 $1 15. Bxb5 (15.
Bxf6 Nxf6 16. Bxb5 Rc8 17. Bc6 Qd6 $15) 15... Rc8 16. Bc6 Nb8 17. Kb1 Nxc6)
14... Rc8 15. Rc1 (15. Qe1 $5 Ba4 16. Rc1 Rxc1+ 17. Qxc1 b5 $2 {/\Fb6,b4} 18.
Qc3 Qb6 19. b3 $1 b4 20. axb4 Bb5 21. Ne2 $16) 15... Bb7 $2 (15... a5 $5 {
/\ b5,Fb6,b4}) 16. Qe1 Rxc1+ 17. Qxc1 Qa8 18. Bd3 a5 (18... a6 19. Ne2 b5 20.
Qd2 Nb6 21. b3 a5 22. Bxb5 a4 23. Bxf6 gxf6 24. b4 $16) 19. Qf1 $1 e5 (19...
Rc8 20. Ne2 (20. Nh3 $5 {/\ g2-g4-g5+/=}) 20... Ba6 21. Nc3 Bc4 $14) 20. Ne2 (
20. Bxf6 Nxf6 21. dxe5 Nd7 22. f4 d4 $1 $132) (20. dxe5 $1 Nxe5 21. Bxf6 gxf6
22. Bb5 $5 $16) 20... e4 (20... exd4 $6 21. exd4 Ba6 22. Nc3 Bxd3+ 23. Qxd3 $16
) (20... Ba6 21. Nc3 Bxd3+ 22. Qxd3 e4 23. fxe4 dxe4 24. Qb5 $16) 21. Bb5 Bc6
22. Nc3 exf3 (22... Re8 23. f4 $16) 23. gxf3 Re8 24. Qd3 Bxb5 25. Nxb5 Qc6 26.
Re1 (26. Rc1 Qe6) 26... Nf8 (26... Nh5 $5) 27. Bg3 Ng6 (27... Qd7 $5 28. Be5
Nh5 29. Rc1 f6 30. Bc7 Qh3 31. Nd6 Re6 32. Qf5 $16) 28. Nd6 Re6 29. Rc1 Qd7 30.
Nf5 Rc6 31. Rg1 Re6 32. Rc1 Rc6 33. Rg1 Re6 34. Be5 $1 Nxe5 (34... Nh5 35. f4 {
/\e4,Kh6,f5}) 35. dxe5 Rxe5 36. Nxg7 (36. Nxh6+ Kf8 37. Ng4 Nxg4 38. Rxg4 Qf5
$10) 36... Rg5 (36... Kf8 37. Qd4 $16) 37. Rxg5 hxg5 38. Nf5 Qe6 (38... Kf8 $5
$14 {/\ Ne8,f6}) (38... g4 $2 39. fxg4 Nxg4 40. e4 $18) (38... Ne8 $2 39. Qxd5
$1 $18) 39. Nd4 Qe5 40. Qf5 Qxf5+ 41. Nxf5 Kf8 (41... Kh7 $5 42. Kc2 Kg6 43.
Ne7+ Kh5 44. Kd3 Kh4 45. Kd4 Kh3 46. Ke5) 42. Kc2 Nd7 (42... Ke8 43. Nd6+ $18)
43. Kc3 Ne5 (43... f6 44. Kd4 Ne5 45. Kxd5 Nxf3 46. Kc6 $18) 44. f4 (44. Kd4
Nxf3+ 45. Kxd5 Nxh2 $13) 44... gxf4 45. exf4 Ng6 46. Kd4 Nxf4 47. h4 f6 48. Ne3
b5 (48... Kf7 49. Nxd5 Nxd5 (49... Ne6+ 50. Kc4 $18) 50. Kxd5 Kg6 51. a4 $18)
49. Nxd5 Ne6+ 50. Ke4 Nc5+ 51. Kd4 (51. Kf5 Kf7 52. Nxf6 Nd3 53. b3 b4 54. axb4
axb4 55. Ne4) 51... Ne6+ 52. Ke3 Nc5 (52... Kf7 53. Nf4 $18) 53. Nxf6 Na4 54.
Nd7+ (54. b4 $5 axb4 55. axb4) 54... Kg7 (54... Ke7 55. b3 Nc3 56. Nc5 a4 (
56... Nb1 57. a4 bxa4 58. Nxa4) 57. Kd3 Nb1 58. Nxa4 $1 bxa4 (58... Nxa3 59.
Nb6) 59. bxa4 Nxa3 60. h5 Kf6 61. Kd4 $18) 55. b3 Nc3 56. Kd3 Nd1 57. Kd4 Kg6
58. Ne5+ Kh5 59. Nc6 1-0

[Event "Amsterdam blindfold sim"]
[Site "Amsterdam"]
[Date "1991.09.01"]
[Round "?"]
[White "Anand, Viswanathan"]
[Black "Krabbe, Tim"]
[Result "1/2-1/2"]
[WhiteElo "2635"]
[BlackElo "2290"]
[PlyCount "80"]
[EventDate "1991.09.01"]
[EventType "simul"]
[EventRounds "1"]
[EventCountry "NED"]
[SourceTitle "EXT 2002"]
[Source "ChessBase"]
[SourceDate "2001.11.25"]
[SourceVersion "1"]
[SourceVersionDate "2001.11.25"]
[SourceQuality "1"]

1. Nf3 d5 2. g3 c6 3. Bg2 Nf6 4. O-O Bf5 5. d3 e6 6. Nbd2 Be7 7. h3 h6 8. b3
O-O 9. Bb2 a5 10. e3 a4 11. Qe2 Na6 12. a3 axb3 13. cxb3 Nc5 14. Ne1 Qb6 15. e4
Bh7 16. b4 Na4 17. Be5 Qb5 18. exd5 cxd5 19. Nb3 Rfc8 20. Nd4 Qb6 21. Ndf3 Nd7
22. Bd4 Qb5 23. Ne5 Bf6 24. f4 Nxe5 25. fxe5 Bd8 26. Qf2 Bg6 27. Kh2 Bb6 28.
Bxb6 Nxb6 29. Ra2 Rc3 30. h4 Raxa3 31. Rxa3 Rxa3 32. g4 h5 33. gxh5 Bxh5 34.
Bf3 Bg6 35. h5 Bxd3 36. Nxd3 Qxd3 37. Bg2 Nc4 38. Qxf7+ Kh7 39. Qxe6 Qg3+ 40.
Kg1 Ne3 1/2-1/2

[Event "Amsterdam blindfold sim"]
[Site "Amsterdam"]
[Date "1991.09.01"]
[Round "?"]
[White "Anand, Viswanathan"]
[Black "Van der Vliet, Fredrik"]
[Result "1/2-1/2"]
[WhiteElo "2635"]
[BlackElo "2330"]
[PlyCount "80"]
[EventDate "1991.09.01"]
[EventType "simul"]
[EventRounds "1"]
[EventCountry "NED"]
[SourceTitle "EXT 2002"]
[Source "ChessBase"]
[SourceDate "2001.11.25"]
[SourceVersion "1"]
[SourceVersionDate "2001.11.25"]
[SourceQuality "1"]

1. g3 d5 2. Bg2 Nf6 3. d3 c6 4. Nf3 Bg4 5. O-O e6 6. Nbd2 Be7 7. h3 Bh5 8. e3
Nbd7 9. b3 O-O 10. g4 Bg6 11. Nh4 Ne8 12. Nxg6 hxg6 13. f4 a5 14. a4 b5 15. Nf3
Qb6 16. Qe1 Nc7 17. Kh1 Rfe8 18. e4 Nf8 19. Ne5 Bb4 20. Qg3 Bc3 21. Ra2 Na6 22.
Ba3 Nb4 23. Bxb4 axb4 24. a5 Qc7 25. Qf2 f6 26. Nf3 Qxf4 27. Qc5 Qc7 28. Nd4
Bxd4 29. Qxd4 Qd6 30. Qf2 Nd7 31. d4 Qc7 32. a6 Qb6 33. Rfa1 Ra7 34. Qe1 Qxd4
35. exd5 cxd5 36. Rd1 Qb6 37. Rxd5 Ne5 38. Rd1 Rxa6 39. Rxa6 Qxa6 40. Qxb4 Nf7
1/2-1/2

[Event "Reggio Emilia-A 9192 34th"]
[Site "Reggio Emilia"]
[Date "1992.??.??"]
[Round "1"]
[White "Anand, Viswanathan"]
[Black "Salov, Valery"]
[Result "1-0"]
[WhiteElo "2650"]
[BlackElo "2665"]
[Annotator "Ernst,T"]
[PlyCount "115"]
[EventDate "1991.12.??"]
[EventType "tourn"]
[EventRounds "9"]
[EventCountry "ITA"]
[EventCategory "18"]
[SourceTitle "CBM 027"]
[Source "ChessBase"]
[SourceDate "1992.04.01"]
[SourceVersion "1"]
[SourceVersionDate "1992.04.01"]
[SourceQuality "1"]

1. e4 e5 2. Nf3 Nc6 3. Bb5 Nf6 4. O-O Nxe4 5. d4 Nd6 6. Bxc6 dxc6 7. dxe5 Nf5
8. Qxd8+ Kxd8 9. Rd1+ Ke8 10. Nc3 Be6 11. Ne2 Bd5 12. Ne1 h5 13. Nf4 Rd8 14. b3
Be7 15. Bb2 (15. c4 $1 Be4 $6 16. Rxd8+ Kxd8 17. f3 Bc5+ 18. Kf1 Ne3+ 19. Ke2
Nc2 20. fxe4 Nxa1 21. Bb2 $18) 15... g5 16. Ne2 Rg8 17. c4 Be6 18. Nc2 a5 (
18... b5 $1 19. Ncd4 Nxd4 20. Nxd4 bxc4 21. Nxc6 Rxd1+ 22. Rxd1 Bd7 {22.-cxb3?
23.La3!} 23. Nxe7 Kxe7 24. bxc4 $14) 19. Nc3 Rd7 20. Ne4 c5 $2 (20... b5 $1 $14
) 21. Kf1 Kd8 22. Ke2 Kc8 23. Rxd7 Kxd7 24. Rd1+ Kc6 25. a4 $1 b6 26. Ne1 Kb7
27. g3 Nh6 28. Nc3 Bg4+ 29. f3 Be6 30. Nd5 Bd8 31. Ne3 Be7 32. Bc3 c6 33. N1c2
Bd8 34. Rh1 g4 $2 {Ein Fehler in Zeitnot.} 35. f4 Nf5 36. Rd1 $1 Bc7 37. Nxf5
Bxf5 38. Ne3 Bc8 39. Kd3 h4 40. Ke4 hxg3 41. hxg3 Rh8 42. f5 Rh2 43. Nxg4 Re2+
44. Kf4 (44. Kf3 $2 Bxf5 $1 $13) 44... b5 45. Rd2 Re1 46. Ne3 f6 47. g4 Rb1 48.
Ke4 fxe5 49. Bb2 Re1 50. Rd3 Kb6 51. Bc3 Re2 52. Bxe5 Bxe5 53. Kxe5 bxc4 54.
bxc4 Kc7 55. Kf6 Ra2 56. g5 Rxa4 57. g6 Ra1 58. Rd1 1-0

[Event "Reggio Emilia-A 9192 34th"]
[Site "Reggio Emilia"]
[Date "1992.??.??"]
[Round "9"]
[White "Beliavsky, Alexander G"]
[Black "Anand, Viswanathan"]
[Result "0-1"]
[WhiteElo "2655"]
[BlackElo "2650"]
[Annotator "Ftacnik,L"]
[PlyCount "80"]
[EventDate "1991.12.??"]
[EventType "tourn"]
[EventRounds "9"]
[EventCountry "ITA"]
[EventCategory "18"]
[SourceTitle "CBM 027"]
[Source "ChessBase"]
[SourceDate "1992.04.01"]
[SourceVersion "1"]
[SourceVersionDate "1992.04.01"]
[SourceQuality "1"]

1. d4 d5 2. c4 c6 3. Nc3 Nf6 4. e3 e6 5. Nf3 Nbd7 6. Bd3 dxc4 7. Bxc4 b5 8. Bd3
Bb7 9. O-O b4 10. Ne4 Be7 11. Nxf6+ Nxf6 12. e4 O-O 13. e5 Nd7 14. Be4 Rb8 (
14... Rc8 15. Be3 Nb6 16. Bb1 $14 {ECO}) (14... f5 $5 15. exf6 Nxf6 16. Bc2 c5
17. Bb3 Bd5 18. dxc5 Bxc5 19. Bg5 Qb6 20. Bxd5 Nxd5 21. Qd3 Rf5 $10 {
Tal-Sveshnikov/Sochi/1986/}) 15. Qc2 (15. Be3 {0,5/Petrosian,A-Lputian,S/URS
ch/1985/}) (15. Bc2 $5 $14 {ECO}) 15... h6 16. Be3 c5 $1 17. Bxb7 (17. dxc5
Bxe4 18. Qxe4 Nxc5 $10) 17... Rxb7 18. dxc5 Nxc5 19. Rfd1 (19. Bxc5 Qc8 20.
Rac1 Rc7 $10) 19... Qb8 20. Qc4 (20. Bxc5 Rc8 $22 21. Bxa7 Rxc2 22. Bxb8 Rxb8
23. Rd2 Rbc8 $36) 20... Nd7 21. Qe4 Rc8 22. Rd2 (22. Rac1 Rxc1 23. Rxc1 Rc7 $10
) 22... Rbc7 23. Rad1 Rc4 24. Rd4 Nb6 (24... Nc5 25. Qg4 $40) 25. Qg4 Kf8 26.
Qe4 Kg8 27. Qg4 Rxd4 28. Rxd4 Kf8 29. Qh5 Qc7 30. h4 (30. Bxh6 $2 Qc1+ $1)
30... Bc5 31. Rd2 $6 (31. Rd3 Bxe3 32. Rxe3 Nd5 $15) 31... Bxe3 32. fxe3 Nd5
33. Kf2 (33. e4 Nf4 34. Qg4 Ng6 $15) 33... Qc5 $1 34. Nd4 (34. Re2 Nf6 $1 $19)
34... Nf6 35. Qf3 Qxe5 36. Rd1 Kg8 37. Qf4 Qd5 38. Ra1 e5 39. Qf5 Rc4 40. b3 (
40. Nf3 Ng4+ 41. Ke2 Qc5 $19) 40... exd4 $1 {Ftacnik,L} (40... exd4 41. Qxd5
Rc2+ 42. Kf3 Nxd5 $19) 0-1

[Event "Linares 10th"]
[Site "Linares"]
[Date "1992.??.??"]
[Round "2"]
[White "Anand, Viswanathan"]
[Black "Ljubojevic, Ljubomir"]
[Result "1/2-1/2"]
[WhiteElo "2670"]
[BlackElo "2610"]
[PlyCount "89"]
[EventDate "1992.02.??"]
[EventType "tourn"]
[EventRounds "13"]
[EventCountry "ESP"]
[EventCategory "17"]
[SourceTitle "CBM 028"]
[Source "ChessBase"]
[SourceDate "1992.06.01"]
[SourceVersion "1"]
[SourceVersionDate "1992.06.01"]
[SourceQuality "1"]

1. e4 c5 2. Nf3 d6 3. d4 cxd4 4. Nxd4 Nf6 5. Nc3 a6 6. f4 Qc7 7. Bd3 Nc6 8. Nf3
b5 9. O-O e6 10. Kh1 Be7 11. Qe1 b4 12. Nd1 d5 13. e5 Nd7 14. Qg3 g6 15. Be3
Nc5 16. Nf2 Bb7 17. Ng5 Bf8 18. Bxc5 Bxc5 19. Ng4 O-O-O 20. Nh6 Rd7 21. Rac1
Bd4 22. c3 bxc3 23. bxc3 Bc5 24. Qh3 Kb8 25. Rb1 Ka7 26. Rb2 Na5 27. Rfb1 Bc6
28. Nhxf7 Rxf7 29. Nxe6 Qe7 30. Bxg6 Rff8 31. Nxf8 Rxf8 32. Bd3 Nc4 33. Re2
Rxf4 34. Bxc4 (34. Qh6 Rh4 35. Qxc6 Rxh2+ 36. Kxh2 Qh4#) 34... Rxc4 35. Rf1 Rh4
36. Qg3 Bb5 37. Rf6 Ra4 38. Re1 Rxa2 39. Qg8 Rf2 40. Rxf2 Bxf2 41. Rb1 Qb7 42.
Qf8 Bh4 43. Qc5+ Ka8 44. Qf8+ Ka7 45. Qc5+ 1/2-1/2

[Event "Linares 10th"]
[Site "Linares"]
[Date "1992.??.??"]
[Round "9"]
[White "Anand, Viswanathan"]
[Black "Timman, Jan H"]
[Result "1-0"]
[WhiteElo "2670"]
[BlackElo "2620"]
[Annotator "Blatny,P"]
[PlyCount "65"]
[EventDate "1992.02.??"]
[EventType "tourn"]
[EventRounds "13"]
[EventCountry "ESP"]
[EventCategory "17"]
[SourceTitle "CBM 028"]
[Source "ChessBase"]
[SourceDate "1992.06.01"]
[SourceVersion "1"]
[SourceVersionDate "1992.06.01"]
[SourceQuality "1"]

1. e4 Nf6 2. e5 Nd5 3. d4 d6 4. Nf3 g6 5. Bc4 Nb6 6. Bb3 Bg7 7. exd6 cxd6 8.
O-O O-O 9. Re1 Nc6 10. h3 Bf5 (10... Na5 11. Nc3 h6 12. Bf4 g5 13. Be3 Nbc4 14.
Bc1 d5 15. Ne2 Bf5 16. Ng3 Bg6 17. c3 Nxb3 18. axb3 Nd6 19. Ne5 $14 {
Anand-Guevara,Dubai ol 1986}) 11. Nc3 Rc8 12. Bg5 h6 13. Be3 d5 14. Ne2 Na5 15.
c3 Nbc4 (15... Bd7 16. Bc2 Bc6 17. Nf4 {->>>}) 16. Bc1 Qb6 $6 {קd5,e7} (16...
e6 17. Ng3 $16) (16... Re8 $5 17. Ng3 {+/=/+/-}) 17. Nf4 Be4 18. Nd2 $1 Nxb3 (
18... Nxd2 19. Bxd5 $1 Qd6 (19... Bxd5 20. Nxd5 Qb5 21. Nxe7+ Kh7 22. Nxc8 Ndc4
23. Ne7 {/\b3,Ba3+-}) 20. Bxe4 Nxe4 21. Rxe4 e5 $1 22. Qa4 $1 f5 23. dxe5 $5 (
23. Re1 {/\dxe5 +- _|_}) 23... Bxe5 24. Rxe5 $5 (24. Re1 $18 {_|_}) 24... Qxe5
25. Nxg6 Qe1+ 26. Kh2 Rf6 (26... Rfd8 27. Qxa5 Rd1 28. Qxf5) 27. Bg5 $1 Qxa1
28. Bxf6 {/\Ne7+;Qxa5;Qd7 +-}) 19. Nxc4 $1 Qa6 (19... Rxc4 20. axb3 {/\f3 +-})
(19... dxc4 20. axb3 Bc6 (20... Bf5 21. Nd5 $18) 21. bxc4 $18) 20. Qxb3 dxc4 (
20... Rxc4 21. f3 $18) 21. Qd1 Bc6 22. Rxe7 Rfe8 23. Rxe8+ Rxe8 24. Be3 $18 {
_|_,Pd} Qb5 25. d5 Bd7 26. Qd2 Bf8 27. Bd4 $1 Bf5 28. g4 Be4 29. Re1 {/\Qe3,f3
ץe4,Re8} Qa4 30. b3 $1 cxb3 31. axb3 Qb5 $8 32. Qe3 Bd6 (32... f5 33. gxf5
gxf5 34. Qg3+ $18) 33. Nh5 $1 (33. f3 $6 Bxf4 34. Qxf4 Bxd5 35. Rxe8+ $4 (35.
Rf1 {/\Qf6;Qxh6 +- ><g7,f6}) 35... Qxe8 36. Qf6 Qe1+ 37. Kg2 Qe2+ 38. Kg3 Qe1+
39. Bf2 Qe6 $10 {עg8,עg3 ^-}) (33. Nh5 gxh5 34. Qxh6 Be5 $8 35. Qg5+ {
/\36.Bxe5+-}) 1-0

[Event "Roquebrune"]
[Site "Roquebrune"]
[Date "1992.??.??"]
[Round "?"]
[White "Anand, Viswanathan"]
[Black "Ljubojevic, Ljubomir"]
[Result "0-1"]
[WhiteElo "2670"]
[BlackElo "2610"]
[PlyCount "64"]
[EventDate "1992.02.??"]
[EventType "tourn (blitz)"]
[EventRounds "22"]
[EventCountry "FRA"]
[EventCategory "15"]
[SourceTitle "CBM 027 Extra"]
[Source "ChessBase"]
[SourceDate "1992.05.01"]
[SourceVersion "1"]
[SourceVersionDate "1992.05.01"]
[SourceQuality "1"]

1. e4 c5 2. Nc3 Nc6 3. f4 g6 4. Nf3 Bg7 5. Bc4 e6 6. O-O a6 7. a4 d6 8. d3 Nge7
9. Qe1 Nd4 10. Nxd4 cxd4 11. Ne2 d5 12. exd5 Nxd5 13. f5 gxf5 14. Bxd5 Qxd5 15.
Nf4 Qe5 16. Qf2 Rg8 17. Nh5 Bh8 18. Bf4 Qd5 19. Bg3 Bd7 20. Rfe1 O-O-O 21. c4
dxc3 22. bxc3 Bc6 23. d4 Rg4 24. h3 Rxd4 25. Nf4 Rxf4 26. Bxf4 Rg8 27. Re2 Bxc3
28. Rc1 Bd4 29. Rxc6+ bxc6 30. Be3 c5 31. Rd2 Rxg2+ 32. Qxg2 Bxe3+ 0-1